000 00672nam a2200217 4500
001 121892
003 ES-MaACL
005 20251009173352.0
007 t|
008 070214n19001980sp r ||||1| cat d
100 0 _aPlutarco
_992678
245 1 0 _aVides paralleles
_b: vides d'Alexandre i de César /
_cPlutarco ; traducció de Carles Riba.
260 _aBarcelona :
_bEd. Catalana,
_c[19__?]
300 _a183 p. ;
_c18 cm.
490 1 _aBiblioteca literaria
700 1 _aRiba, Carles,
_d1893-1959
_996698
830 0 _aBiblioteca literaria
_9183370
852 _aES-MaACL
_jC-19747
_bR.47347
852 _aES-MaACL
_jG-7697
999 _c121892
_d121892